[Event "oibm_2008"]
[Site "Bad Wiessee"]
[Date "2008.11.09"]
[Round "9.24"]
[White "Köpke, Christian"]
[Black "Yuan, Yuanling"]
[Result "1-0"]
[WhiteElo "2356"]
[BlackElo "2157"]
[PlyCount "101"]
[EventDate "2008.??.??"]

1. e4 c5 2. Nf3 d6 3. d4 cxd4 4. Nxd4 Nf6 5. Nc3 g6 6. Be3 Bg7 7. f3 Nc6 8. Qd2
O-O 9. Bc4 Bd7 10. Bb3 Rc8 11. O-O-O Nxd4 12. Bxd4 b5 13. Nd5 Nxd5 14. Bxg7
Kxg7 15. exd5 a5 16. a3 b4 17. axb4 axb4 18. Qxb4 Kg8 19. Rhe1 Re8 20. Rd4 Rc5
21. Rde4 Bf5 22. R4e3 Qa8 23. Rc3 Rb8 24. Qa4 Rxc3 25. Qxa8 Rxa8 26. bxc3 Ra1+
27. Kd2 Rxe1 28. Kxe1 Kf8 29. Ba4 Kg7 30. g4 Bc8 31. g5 h6 32. h4 hxg5 33. hxg5
Kf8 34. f4 e6 35. dxe6 Bxe6 36. Kd2 Ke7 37. Ke3 Bc8 38. Bb3 f6 39. Bd5 fxg5 40.
fxg5 Bf5 41. Be4 Ke6 42. Kf4 Bxe4 43. Kxe4 d5+ 44. Kd4 Kf5 45. Kxd5 Kxg5 46.
Ke5 Kh6 47. c4 Kg7 48. c5 Kf7 49. Kd6 Ke8 50. Kc7 g5 51. Kb7 1-0

[Event "oibm_2008"]
[Site "Bad Wiessee"]
[Date "2008.11.09"]
[Round "9.25"]
[White "Schrems, Hermann"]
[Black "Baldauf, Marco"]
[Result "1-0"]
[WhiteElo "2126"]
[BlackElo "2325"]
[PlyCount "87"]
[EventDate "2008.??.??"]

1. Nf3 Nf6 2. b3 g6 3. Bb2 Bg7 4. e3 O-O 5. Be2 d6 6. d4 Nbd7 7. h3 Qe8 8. Nbd2
e5 9. dxe5 dxe5 10. Nc4 e4 11. Nfd2 Qe6 12. a4 Rd8 13. Ra2 Bf8 14. O-O Re8 15.
f4 exf3 16. Nxf3 Bg7 17. Nd4 Qe7 18. Nb5 Nc5 19. Qa1 a6 20. Nxc7 Qxc7 21. Bxf6
Bxf6 22. Qxf6 Ne4 23. Qd4 Bf5 24. Rf4 Rad8 25. Qa1 b5 26. axb5 axb5 27. Ra7 Qc5
28. Qa3 Qd5 29. Ra5 Qe6 30. Ra6 Qd5 31. Ra5 Nc3 32. Bf3 Be4 33. Qa1 Bxf3 34.
Qxc3 Be4 35. Nb6 Qd1+ 36. Kh2 Qe2 37. Rxe4 Rxe4 38. Nd5 Re6 39. Nf6+ Kg7 40.
Ng4+ Kg8 41. Nh6+ Kf8 42. Qh8+ Ke7 43. Ra7+ Rd7 44. Ng8+ 1-0

[Event "oibm_2008"]
[Site "Bad Wiessee"]
[Date "2008.11.09"]
[Round "9.33"]
[White "Salvermoser, Bernd"]
[Black "Hohlfeld, Wolfgang"]
[Result "1-0"]
[WhiteElo "2304"]
[BlackElo "2154"]
[PlyCount "53"]
[EventDate "2008.??.??"]

1. d4 d5 2. c4 dxc4 3. Nf3 Nf6 4. e3 e6 5. Bxc4 c5 6. O-O cxd4 7. exd4 Be7 8.
Nc3 O-O 9. Re1 Nc6 10. a3 a6 11. Ba2 b5 12. Qd3 Bb7 13. Bb1 g6 14. Bg5 Re8 15.
Ba2 b4 16. Ne2 Qd6 17. Bf4 Qd8 18. Ng3 Nd5 19. Bh6 Qa5 20. Ne4 Rad8 21. h4 bxa3
22. bxa3 Nf6 23. Neg5 Bf8 24. Nxf7 Kxf7 25. Ng5+ Kg8 26. Rxe6 Nd5 27. Rxg6+ 1-0

[Event "oibm_2008 Bad Wiesee"]
[Site "?"]
[Date "2008.11.02"]
[Round "?"]
[White "Astengo, C."]
[Black "Andersson, U."]
[Result "1/2-1/2"]
[WhiteElo "2562"]
[BlackElo "2172"]
[PlyCount "74"]
[EventDate "2008.??.??"]

1. e4 c5 2. Nf3 e6 3. d3 Nc6 4. g3 g6 5. Bg2 Bg7 6. O-O Nge7 7. c3 e5 8. Be3 d6
9. a3 O-O 10. b4 cxb4 11. axb4 b5 12. Na3 Rb8 13. Nc2 a5 14. bxa5 Nxa5 15. Nb4
Nac6 16. Qd2 Nxb4 17. cxb4 Nc6 18. Rfc1 Bd7 19. Bh6 Bxh6 20. Qxh6 Qf6 21. Ng5
Qg7 22. Qxg7+ Kxg7 23. Bh3 Be8 24. Ra6 Nxb4 25. Rxd6 Rb7 26. Nf3 f6 27. d4 Nd3
28. Rc3 Nb2 29. dxe5 Nc4 30. exf6+ Rxf6 31. Rxf6 Kxf6 32. e5+ Ke7 33. Nd4 Ra7
34. f4 Ra1+ 35. Kf2 Rd1 36. Nf3 Bf7 37. Rb3 Be8 1/2-1/2

[Event "oibm_2008 Bad Wiesee"]
[Site "?"]
[Date "2008.11.02"]
[Round "?"]
[White "Burmakin, V."]
[Black "Lochte, T."]
[Result "1-0"]
[WhiteElo "2625"]
[BlackElo "2178"]
[PlyCount "56"]
[EventDate "2008.??.??"]

1. d4 Nf6 2. g3 d5 3. Nf3 c5 4. Bg2 cxd4 5. O-O Nc6 6. Nxd4 e5 7. Nxc6 bxc6 8.
c4 Be7 9. Nc3 Be6 10. Bg5 e4 11. Qa4 O-O 12. Rad1 Qb6 13. Bxf6 Bxf6 14. cxd5
cxd5 15. Nxd5 Bxd5 16. Rxd5 Qxb2 17. e3 Rab8 18. Bxe4 Rb4 19. Qc2 Rxe4 20. Qxe4
Qxa2 21. Rc1 g6 22. Qc4 Qa3 23. Rb1 h5 24. Rb7 h4 25. gxh4 Qa1+ 26. Kg2 Bg7 27.
Rdd7 Qf6 28. Rxa7 Qd8 1-0

[Event "oibm_2008 Bad Wiesee"]
[Site "?"]
[Date "2008.11.02"]
[Round "?"]
[White "Eingorn, V."]
[Black "Albrecht, R."]
[Result "1-0"]
[WhiteElo "2557"]
[BlackElo "2173"]
[PlyCount "85"]
[EventDate "2008.??.??"]

1. c4 f5 2. Nc3 Nf6 3. g3 e6 4. Bg2 Be7 5. b3 O-O 6. Bb2 d6 7. f4 c5 8. Nf3 Ne4
9. Qc2 Bf6 10. Rd1 d5 11. Nxe4 dxe4 12. Ne5 Qc7 13. d3 exd3 14. Rxd3 Nd7 15.
Nxd7 Bxd7 16. Bxf6 Rxf6 17. O-O Bc6 18. Bxc6 Qxc6 19. Rfd1 Re8 20. Rd6 Qc8 21.
R1d3 Rf7 22. Qd2 Rfe7 23. Re3 Qc7 24. Re5 b6 25. a4 a5 26. h3 g6 27. g4 Kf7 28.
Re3 fxg4 29. hxg4 Kg8 30. Re5 Kf8 31. Rd3 Kg8 32. Qe3 Qc6 33. Qe4 Qxe4 34. Rxe4
Kf7 35. Re5 Kf6 36. g5+ Kf7 37. Rd6 Rb8 38. Kf2 Rbb7 39. Kf3 Re8 40. Re3 Ree7
41. Ke4 Kg7 42. Ke5 Kf8 43. Red3 1-0

[Event "oibm_2008 Bad Wiesee"]
[Site "?"]
[Date "2008.11.02"]
[Round "?"]
[White "Lodes, H."]
[Black "Bachmann, A."]
[Result "0-1"]
[WhiteElo "2168"]
[BlackElo "2555"]
[PlyCount "60"]
[EventDate "2008.??.??"]

1. e4 g6 2. d4 Bg7 3. Nc3 c6 4. a4 d5 5. e5 Nh6 6. a5 f6 7. exf6 exf6 8. Bxh6
Bxh6 9. Bd3 O-O 10. h4 Re8+ 11. Kf1 f5 12. Nf3 Be6 13. Ne2 Nd7 14. c3 Qf6 15.
Nd2 f4 16. Qc2 Bg4 17. f3 Bf5 18. Bxf5 gxf5 19. b4 Re3 20. Nb3 Rae8 21. Ng1 Qe7
22. Qd2 Nf6 23. Kf2 Nh5 24. Rh3 Bg7 25. Nc1 Ng3 26. Nd3 Bf6 27. Nxf4 Bxh4 28.
Rxg3+ Qg5 29. Nge2 Rxe2+ 30. Nxe2 Bxg3+ 0-1

[Event "oibm_2008 Bad Wiesee"]
[Site "?"]
[Date "2008.11.02"]
[Round "?"]
[White "Prusikin, M."]
[Black "Babar, M."]
[Result "1-0"]
[WhiteElo "2538"]
[BlackElo "2164"]
[PlyCount "39"]
[EventDate "2008.??.??"]

1. d4 f5 2. e4 fxe4 3. Nc3 Nf6 4. Bg5 c6 5. f3 Qa5 6. Bxf6 exf6 7. fxe4 Bb4 8.
Nge2 O-O 9. a3 Bd6 10. Ng3 Bxg3+ 11. hxg3 Qg5 12. Qf3 d5 13. Rh4 Re8 14. Bd3
dxe4 15. Rxe4 Rd8 16. Rh4 Re8+ 17. Kf2 f5 18. Bc4+ Kh8 19. Bf7 Qd2+ 20. Ne2 1-0

[Event "oibm_2008 Bad Wiesee"]
[Site "?"]
[Date "2008.11.02"]
[Round "?"]
[White "Valenti, G."]
[Black "Edouard, R."]
[Result "0-1"]
[WhiteElo "2162"]
[BlackElo "2531"]
[PlyCount "72"]
[EventDate "2008.??.??"]

1. e4 c5 2. Nf3 d6 3. c3 Nf6 4. Be2 Nbd7 5. d3 b6 6. O-O Bb7 7. Re1 e5 8. Nbd2
Be7 9. Bf1 O-O 10. Nc4 Re8 11. a4 Bf8 12. g3 Qc7 13. Bg2 d5 14. exd5 Bxd5 15.
Ne3 Bb7 16. Qb3 h6 17. Nc4 Bd5 18. Nfd2 Bxg2 19. Kxg2 Qc6+ 20. f3 Nd5 21. Qb5
Qc7 22. Ne4 f5 23. Nf2 Kh8 24. Qb3 a6 25. Bd2 Qc6 26. Ne3 Nxe3+ 27. Bxe3 Nf6
28. Qc2 Re6 29. a5 b5 30. h4 Rae8 31. Bd2 Bd6 32. Be3 Nh5 33. g4 fxg4 34. Nxg4
Rg6 35. Kf2 Rf8 36. Nh2 e4 0-1

[Event "oibm_2008 Bad Wiesee"]
[Site "?"]
[Date "2008.11.03"]
[Round "?"]
[White "Bachmann, A."]
[Black "Salvermoser, B."]
[Result "1-0"]
[WhiteElo "2555"]
[BlackElo "2340"]
[PlyCount "105"]
[EventDate "2008.??.??"]

1. e4 c6 2. d4 d5 3. f3 e6 4. Be3 b6 5. Nc3 Bb4 6. Bd3 Ba6 7. Nge2 c5 8. Bxa6
Nxa6 9. O-O Ne7 10. exd5 Bxc3 11. Nxc3 Nxd5 12. Nxd5 Qxd5 13. Qe2 c4 14. c3 O-O
15. Bf4 Rac8 16. Rae1 Nb8 17. Bxb8 Rxb8 18. Qc2 f6 19. Re3 b5 20. Rfe1 Rb6 21.
a3 a5 22. f4 g6 23. g4 b4 24. axb4 axb4 25. Qe2 bxc3 26. bxc3 Kf7 27. Qf2 Rfb8
28. Qh4 h5 29. f5 exf5 30. gxh5 g5 31. Re7+ Kg8 32. Qf2 Rb1 33. Qe3 f4 34. Re8+
Kg7 35. Qe7+ Qf7 36. h6+ Kg6 37. Qxf7+ Kxf7 38. h7 Rxe1+ 39. Rxe1 Rh8 40. d5
Rxh7 41. Re4 f5 42. Rxc4 Kf6 43. Rc6+ Ke5 44. c4 f3 45. Re6+ Kf4 46. d6 f2+ 47.
Kxf2 Rxh2+ 48. Ke1 Rh1+ 49. Kd2 Rh2+ 50. Re2 Rh7 51. c5 Rd7 52. Re7 Rd8 53. d7
1-0

[Event "oibm_2008 Bad Wiesee"]
[Site "?"]
[Date "2008.11.03"]
[Round "?"]
[White "Deglmann, L."]
[Black "Bobras, P."]
[Result "0-1"]
[WhiteElo "2342"]
[BlackElo "2565"]
[PlyCount "52"]
[EventDate "2008.??.??"]

1. e4 c5 2. b3 d6 3. Bb2 Nf6 4. Nc3 Nc6 5. Bb5 g6 6. Nd5 Bg7 7. Ne2 O-O 8.
Nxf6+ exf6 9. O-O Re8 10. Nf4 Rxe4 11. Qf3 d5 12. d3 Nd4 13. Bxd4 Rxd4 14. Rae1
Qd6 15. Re8+ Bf8 16. Ne2 Bg4 17. Qe3 Rxe8 18. Qxe8 Bxe2 19. Qxe2 a6 20. c3 Rh4
21. g3 Rh5 22. f4 axb5 23. Qf3 Qe6 24. h4 Qh3 25. Rf2 f5 26. a4 b4 0-1

[Event "oibm_2008 Bad Wiesee"]
[Site "?"]
[Date "2008.11.03"]
[Round "?"]
[White "Edouard, R."]
[Black "Korsus, B."]
[Result "1-0"]
[WhiteElo "2531"]
[BlackElo "2272"]
[PlyCount "61"]
[EventDate "2008.??.??"]

1. e4 c5 2. Nf3 Nc6 3. Nc3 Nf6 4. Bb5 Nd4 5. e5 Nxb5 6. Nxb5 Nd5 7. Ng5 f6 8.
Qf3 Nc7 9. exf6 exf6 10. Qe4+ Ne6 11. Nxh7 d5 12. Qg6+ Kd7 13. Nxf8+ Qxf8 14.
d3 a6 15. Nc3 Qd6 16. h3 Kc6 17. Bd2 Nd4 18. O-O-O Bf5 19. Qg3 Qxg3 20. fxg3 b5
21. Be3 Ne6 22. Bf2 Rhe8 23. Rde1 Rad8 24. Ne2 Rd7 25. b4 Bg6 26. Bxc5 Nxc5 27.
Nd4+ Kd6 28. Rxe8 Bxe8 29. Re1 Bg6 30. bxc5+ Kxc5 31. Ne6+ 1-0

[Event "oibm_2008 Bad Wiesee"]
[Site "?"]
[Date "2008.11.03"]
[Round "?"]
[White "Lupor, A."]
[Black "Prusikin, M."]
[Result "1/2-1/2"]
[WhiteElo "2321"]
[BlackElo "2538"]
[PlyCount "41"]
[EventDate "2008.??.??"]

1. Nf3 Nf6 2. c4 g6 3. Nc3 Bg7 4. e4 d6 5. d4 O-O 6. Be2 Nbd7 7. O-O e5 8. Be3
Re8 9. Qc2 exd4 10. Nxd4 c6 11. Rad1 Qe7 12. f3 a6 13. Bg5 h6 14. Bh4 Ne5 15.
Rfe1 Qc7 16. Bf1 Nh5 17. Bf2 Bd7 18. b4 b5 19. cxb5 axb5 20. Ncxb5 Qb8 21. Ra1
1/2-1/2

[Event "oibm_2008 Bad Wiesee"]
[Site "?"]
[Date "2008.11.03"]
[Round "?"]
[White "Lupor, S."]
[Black "Naumann, A."]
[Result "0-1"]
[WhiteElo "2518"]
[BlackElo "2311"]
[PlyCount "86"]
[EventDate "2008.??.??"]

1. e4 c5 2. Nf3 d6 3. d4 cxd4 4. Nxd4 Nf6 5. Nc3 a6 6. Bg5 e6 7. f4 Qc7 8. Bxf6
gxf6 9. Qd2 Nc6 10. O-O-O Bd7 11. Bc4 h5 12. Bb3 O-O-O 13. Kb1 Nxd4 14. Qxd4
Be7 15. Qe3 Qc5 16. Qh3 Rdg8 17. Rhf1 Rg4 18. f5 Kb8 19. a3 Bc8 20. Rd3 Qe5 21.
Rfd1 Bd8 22. Ba2 Ba5 23. b4 Bc7 24. Rf1 Bb6 25. Rfd1 Bc7 26. Rf1 Rg5 27. Qf3
Qxh2 28. fxe6 fxe6 29. Qxf6 Qe5 30. Qxe5 Rxe5 31. Rh3 Rg5 32. Rf2 Rhg8 33. Bc4
d5 34. Bd3 Bb6 35. Re2 Bd4 36. Kb2 dxe4 37. Rxe4 e5 38. Rhh4 Bf5 39. Re2 Rc8
40. Rxd4 exd4 41. Ne4 Rg4 42. Nf2 Rxg2 43. Bxf5 Rf8 0-1

[Event "oibm_2008 Bad Wiesee"]
[Site "?"]
[Date "2008.11.03"]
[Round "?"]
[White "Reefschäger, H."]
[Black "Eingorn, V."]
[Result "0-1"]
[WhiteElo "2321"]
[BlackElo "2557"]
[PlyCount "82"]
[EventDate "2008.??.??"]

1. e4 c5 2. f4 e6 3. Qe2 Nc6 4. Nf3 Nge7 5. g3 d5 6. d3 g6 7. Bg2 Bg7 8. O-O
O-O 9. c3 d4 10. c4 f5 11. e5 Bd7 12. b3 Qb6 13. Qd1 Nd8 14. h4 Nf7 15. a4 Nc6
16. Ba3 Rfd8 17. Nbd2 Nh6 18. Nh2 a5 19. Ndf3 Rf8 20. Ng5 Nd8 21. Qe2 Ndf7 22.
Nxf7 Rxf7 23. Bf3 Bf8 24. Rab1 Be7 25. Qg2 Rb8 26. Qh3 Rg7 27. g4 fxg4 28. Bxg4
Rf8 29. Bc1 Nf5 30. Bxf5 gxf5+ 31. Kf2 Bxa4 32. Bd2 Bc6 33. Rg1 Rff7 34. h5 h6
35. Ke2 Bf8 36. Nf3 Rxg1 37. Rxg1+ Rg7 38. Rxg7+ Bxg7 39. Nh4 Be8 40. Nxf5 exf5
41. Qxf5 Qc6 0-1

[Event "oibm_2008 Bad Wiesee"]
[Site "?"]
[Date "2008.11.03"]
[Round "?"]
[White "Yemelin, V."]
[Black "Baldauf, M."]
[Result "1/2-1/2"]
[WhiteElo "2573"]
[BlackElo "2325"]
[PlyCount "69"]
[EventDate "2008.??.??"]

1. d4 d5 2. Bf4 Nf6 3. e3 c5 4. c3 Nc6 5. Nf3 Qb6 6. Qb3 c4 7. Qc2 Bf5 8. Qc1
h6 9. Nbd2 e6 10. Be2 Qd8 11. O-O b5 12. Ne5 Nxe5 13. dxe5 Nd7 14. a4 bxa4 15.
e4 Bh7 16. exd5 exd5 17. Rd1 Be7 18. Bf3 Nb6 19. Nxc4 Nxc4 20. Bxd5 Qc8 21.
Bxa8 Qxa8 22. Rxa4 Nb6 23. Ra5 Nc4 24. Ra4 Nb6 25. Ra5 Nc4 26. Ra2 Be4 27. b3
Bxg2 28. bxc4 Qf3 29. Qe3 Qxd1+ 30. Kxg2 g5 31. Bg3 h5 32. Rxa7 h4 33. h3 hxg3
34. e6 Qd6 35. exf7+ 1/2-1/2

[Event "oibm_2008 Bad Wiesee"]
[Site "?"]
[Date "2008.11.03"]
[Round "?"]
[White "de Francesco, K."]
[Black "Burmakin, V."]
[Result "0-1"]
[WhiteElo "2345"]
[BlackElo "2625"]
[PlyCount "128"]
[EventDate "2008.??.??"]

1. d4 d5 2. c4 c6 3. Nf3 Nf6 4. e3 Bf5 5. Nc3 e6 6. Nh4 Be4 7. f3 Bg6 8. Qb3
Qc7 9. Bd2 Nbd7 10. Rc1 Qb6 11. Nxg6 hxg6 12. Qxb6 axb6 13. cxd5 Nxd5 14. a3
Bd6 15. Kf2 N5f6 16. h3 e5 17. dxe5 Bxe5 18. f4 Bc7 19. Kf3 Nc5 20. e4 g5 21.
fxg5 Nfd7 22. Bf4 Bxf4 23. Kxf4 Ne6+ 24. Ke3 Nxg5 25. Be2 Ne5 26. Rcd1 Ke7 27.
Rhe1 b5 28. Rd2 Ne6 29. Red1 f6 30. Kf2 Nc5 31. Ke3 Kf7 32. Bf1 Rhe8 33. Kf2
Nc4 34. Rc2 Nb6 35. Kf3 Re5 36. Rcd2 Rae8 37. Rd4 Ne6 38. Rd6 Ng5+ 39. Kf2 Kf8
40. h4 Nxe4+ 41. Nxe4 Rxe4 42. g3 R4e5 43. Rd8 Ke7 44. R8d4 Kf7 45. R1d2 Rf5+
46. Kg2 Rd5 47. Rxd5 Nxd5 48. Kf2 Re5 49. Bh3 Nb6 50. Bf1 Ke7 51. Be2 Nc4 52.
Rc2 Re4 53. a4 Ne3 54. Bf3 Re5 55. Rc3 Nf5 56. a5 Nd4 57. Bg4 b4 58. Rc4 c5 59.
Bc8 Kd6 60. Bxb7 Re2+ 61. Kf1 Rxb2 62. a6 Ra2 63. Rc1 b3 64. Rb1 c4 0-1

[Event "oibm_2008 Bad Wiesee"]
[Site "?"]
[Date "2008.11.04"]
[Round "?"]
[White "Bobras, P."]
[Black "Khmelniker, I."]
[Result "1/2-1/2"]
[WhiteElo "2565"]
[BlackElo "2443"]
[PlyCount "60"]
[EventDate "2008.??.??"]

1. e4 e5 2. Nf3 Nc6 3. Bb5 a6 4. Ba4 Nf6 5. O-O Nxe4 6. d4 b5 7. Bb3 d5 8. dxe5
Be6 9. Nbd2 Nc5 10. c3 Bf5 11. Bc2 Bxc2 12. Qxc2 d4 13. Nxd4 Nxd4 14. cxd4 Qxd4
15. a4 b4 16. Nc4 Qd3 17. Qxd3 Nxd3 18. Rd1 O-O-O 19. Be3 Be7 20. Kf1 Rd7 21.
Ke2 Rhd8 22. Rd2 Nc5 23. Rxd7 Rxd7 24. Na5 Nd3 25. Nc4 Bc5 26. Rd1 Bxe3 27.
Kxe3 Nxe5 28. Rxd7 Nxd7 29. Kd4 Nb6 30. b3 Nd7 1/2-1/2

[Event "oibm_2008 Bad Wiesee"]
[Site "?"]
[Date "2008.11.04"]
[Round "?"]
[White "Burmakin, V."]
[Black "Morawietz, D."]
[Result "1-0"]
[WhiteElo "2625"]
[BlackElo "2449"]
[PlyCount "77"]
[EventDate "2008.??.??"]

1. Nf3 Nf6 2. c4 e6 3. g3 b6 4. Bg2 Bb7 5. b3 d5 6. Bb2 Bd6 7. cxd5 exd5 8. O-O
O-O 9. d4 Re8 10. Nc3 a6 11. Qc2 Nbd7 12. Rfd1 Qe7 13. e3 Rad8 14. Rac1 Qe6 15.
Ne2 Ne4 16. Nf4 Qh6 17. Ne5 Ndf6 18. f3 Ng5 19. Bc3 c5 20. Qf2 Ne6 21. Bd2 g6
22. Nxe6 Rxe6 23. Nd3 Qf8 24. dxc5 bxc5 25. Nf4 Ree8 26. Ba5 Rd7 27. Bc3 Qe7
28. Re1 Rc7 29. Qb2 Nd7 30. Rcd1 Qg5 31. Nxd5 Bxd5 32. f4 Qe7 33. Rxd5 Nb6 34.
Rdd1 c4 35. Ba5 Bc5 36. Kh1 Rcc8 37. b4 c3 38. Qxc3 Na4 39. Qb3 1-0

[Event "oibm_2008 Bad Wiesee"]
[Site "?"]
[Date "2008.11.04"]
[Round "?"]
[White "Eingorn, V."]
[Black "Skembris, S."]
[Result "1-0"]
[WhiteElo "2557"]
[BlackElo "2422"]
[PlyCount "100"]
[EventDate "2008.??.??"]

1. Nf3 Nf6 2. c4 e6 3. d4 Bb4+ 4. Bd2 c5 5. Bxb4 cxb4 6. g3 O-O 7. Bg2 d6 8.
O-O a5 9. Re1 Qc7 10. Nbd2 e5 11. e3 Nc6 12. Rc1 Bg4 13. h3 Bxf3 14. Nxf3 Rfe8
15. c5 Rad8 16. cxd6 Rxd6 17. Qa4 Qd7 18. dxe5 Nxe5 19. Qxd7 Nexd7 20. Nd4 b6
21. Bc6 Rd8 22. Bxd7 R6xd7 23. Rc6 Rd6 24. Rec1 g6 25. f3 Kg7 26. Kf2 R6d7 27.
Rc7 Re8 28. Rxd7 Nxd7 29. Rc7 Nc5 30. b3 Ra8 31. g4 a4 32. Rc6 Ra6 33. h4 axb3
34. axb3 Ra2+ 35. Kg3 Ra3 36. Rxb6 Nxb3 37. Rxb4 Nc5 38. Rc4 Nd7 39. Rc7 Ne5
40. g5 Kf8 41. Nc2 Rb3 42. f4 Nd3 43. Nd4 Rb2 44. f5 gxf5 45. Nxf5 Rb8 46. Kf3
Re8 47. Nd6 Ne5+ 48. Ke4 Re6 49. Kd5 Kg8 50. Nxf7 Re8 1-0

[Event "oibm_2008 Bad Wiesee"]
[Site "?"]
[Date "2008.11.04"]
[Round "?"]
[White "Henrichs, T."]
[Black "Bachmann, A."]
[Result "1/2-1/2"]
[WhiteElo "2485"]
[BlackElo "2555"]
[PlyCount "77"]
[EventDate "2008.??.??"]

1. d4 Nf6 2. c4 g6 3. Nc3 Bg7 4. e4 d6 5. Nf3 O-O 6. Be2 e5 7. O-O Nc6 8. d5
Ne7 9. Nd2 a5 10. a3 Bd7 11. b3 Ne8 12. Rb1 c5 13. b4 axb4 14. axb4 b6 15. bxc5
bxc5 16. Qb3 Nc8 17. Nf3 f5 18. Bg5 Bf6 19. Bd2 g5 20. exf5 Bxf5 21. Ra1 Rxa1
22. Rxa1 e4 23. Ne1 Bd4 24. Ra2 Bxf2+ 25. Kxf2 e3+ 26. Kg1 exd2 27. Rxd2 Qf6
28. Nd1 Ne7 29. Qc3 Ng6 30. Qxf6 Nxf6 31. Bd3 Ne4 32. Bxe4 Bxe4 33. Nc3 Bf5 34.
Nb5 Rd8 35. Rf2 Bb1 36. Rb2 Bf5 37. Rf2 Bb1 38. Rb2 Bf5 39. Rf2 1/2-1/2

[Event "oibm_2008 Bad Wiesee"]
[Site "?"]
[Date "2008.11.04"]
[Round "?"]
[White "Mainka, R."]
[Black "Edouard, R."]
[Result "0-1"]
[WhiteElo "2482"]
[BlackElo "2531"]
[PlyCount "64"]
[EventDate "2008.??.??"]

1. e4 c5 2. Nf3 d6 3. Bc4 Nf6 4. d3 Nc6 5. c3 g6 6. O-O Bg7 7. Bb3 O-O 8. h3 b6
9. Re1 Ne5 10. d4 Nxf3+ 11. Qxf3 Bb7 12. Bf4 b5 13. Nd2 Nd7 14. dxc5 Nxc5 15.
Bd5 Qc7 16. Rac1 e5 17. Bxb7 Qxb7 18. Bg5 f5 19. Qe2 Ne6 20. Bh4 Nf4 21. Qf1 d5
22. exf5 Rxf5 23. Bg3 Raf8 24. Rcd1 Nh5 25. Qe2 Nxg3 26. fxg3 b4 27. c4 Rf2 28.
Qxf2 Rxf2 29. Kxf2 Qb6+ 30. Ke2 e4 31. Rf1 Qd4 32. Rfe1 Qd3+ 0-1

[Event "oibm_2008 Bad Wiesee"]
[Site "?"]
[Date "2008.11.04"]
[Round "?"]
[White "Naumann, A."]
[Black "Jugelt, T."]
[Result "1-0"]
[WhiteElo "2518"]
[BlackElo "2394"]
[PlyCount "91"]
[EventDate "2008.??.??"]

1. Nf3 d5 2. d4 Nf6 3. c4 c6 4. Nc3 g6 5. cxd5 Nxd5 6. e4 Nb6 7. h3 Bg7 8. Be2
Be6 9. O-O O-O 10. Bf4 a5 11. Qc1 N8d7 12. Rd1 f6 13. d5 Bf7 14. Nd4 Qc8 15.
Qe3 cxd5 16. Nxd5 Nxd5 17. exd5 Ne5 18. Rac1 Qd7 19. Nb5 Rac8 20. Rxc8 Qxc8 21.
d6 Qd7 22. Qa3 exd6 23. Nxd6 Qe7 24. Nxf7 Qxa3 25. bxa3 Kxf7 26. Rb1 Rb8 27.
Be3 Nc6 28. Bf3 Nd8 29. Bd5+ Ke8 30. Bc5 Kd7 31. Rd1 b6 32. Be3 Ke8 33. Re1 Kd7
34. Rd1 Ke8 35. Rb1 Bf8 36. Bf4 Rc8 37. Rxb6 Bxa3 38. Rxf6 Rc2 39. Ra6 Bc5 40.
Bg3 Bb4 41. Ra7 h6 42. Ra6 Rd2 43. Bb3 Nb7 44. Rxg6 Nc5 45. Rxh6 Nxb3 46. axb3
1-0

[Event "oibm_2008 Bad Wiesee"]
[Site "?"]
[Date "2008.11.04"]
[Round "?"]
[White "Zude, A."]
[Black "Handke, F."]
[Result "1-0"]
[WhiteElo "2451"]
[BlackElo "2498"]
[PlyCount "77"]
[EventDate "2008.??.??"]

1. e4 c5 2. Nf3 e6 3. Nc3 a6 4. d4 cxd4 5. Nxd4 Nc6 6. Be3 Qc7 7. Bd3 Nf6 8.
O-O b5 9. Nxc6 Qxc6 10. Be2 Bd6 11. Qd4 e5 12. Qd3 Bb7 13. Nd5 Nxd5 14. exd5
Qc7 15. a4 b4 16. a5 O-O 17. h3 f5 18. Bb6 Qc8 19. c4 Bc5 20. Bxc5 Qxc5 21. Qe3
Qe7 22. f4 d6 23. Ra4 Rae8 24. Rxb4 Bc8 25. Rb6 g5 26. fxe5 f4 27. Qc3 dxe5 28.
c5 g4 29. hxg4 Qg5 30. Rb8 e4 31. d6 Be6 32. Rxe8 Rxe8 33. c6 f3 34. d7 Rf8 35.
c7 Qxg4 36. Bxf3 exf3 37. Rxf3 Bxd7 38. Rg3 h5 39. Qc4+ 1-0

[Event "oibm_2008 Bad Wiesee"]
[Site "?"]
[Date "2008.11.06"]
[Round "?"]
[White "Bobras, P."]
[Black "Hossain, E."]
[Result "1/2-1/2"]
[WhiteElo "2565"]
[BlackElo "2494"]
[PlyCount "53"]
[EventDate "2008.??.??"]

1. e4 e5 2. Nf3 Nc6 3. Bb5 a6 4. Ba4 Nf6 5. O-O Be7 6. Re1 b5 7. Bb3 d6 8. c3
O-O 9. h3 Nb8 10. d4 Nbd7 11. Nbd2 Bb7 12. Bc2 Re8 13. Nf1 Bf8 14. Ng3 g6 15.
a4 Bg7 16. Bd3 c6 17. Bg5 Qe7 18. Qc1 Qf8 19. b3 Rac8 20. axb5 cxb5 21. d5 Nc5
22. Bc2 Rc7 23. Qd2 Rec8 24. Rec1 Ncd7 25. Bd3 Nc5 26. Bc2 Ncd7 27. Bd3 1/2-1/2

[Event "oibm_2008 Bad Wiesee"]
[Site "?"]
[Date "2008.11.06"]
[Round "?"]
[White "Burmakin, V."]
[Black "Edouard, R."]
[Result "1/2-1/2"]
[WhiteElo "2625"]
[BlackElo "2531"]
[PlyCount "142"]
[EventDate "2008.??.??"]

1. d4 d5 2. Nf3 Nf6 3. g3 c6 4. Bg2 Bf5 5. Nh4 Bg6 6. Nxg6 hxg6 7. O-O Nbd7 8.
b3 e5 9. dxe5 Nxe5 10. Bb2 Qc7 11. Qd4 Bd6 12. Nd2 O-O 13. c4 c5 14. Qc3 d4 15.
Qc2 Rae8 16. Rfe1 Nc6 17. a3 Re7 18. Rad1 Rfe8 19. Nf1 Be5 20. Qd3 Qc8 21. f4
Bc7 22. e4 dxe3 23. Rxe3 Rd8 24. Qe2 Rxe3 25. Rxd8+ Bxd8 26. Nxe3 Nd4 27. Qd3
Bb6 28. Nd5 Nxd5 29. Bxd5 Kf8 30. Kg2 Qd7 31. b4 Nf5 32. Be4 Qxd3 33. Bxd3 a5
34. bxa5 Bxa5 35. Kf3 Nd4+ 36. Ke4 Bb6 37. Kd5 Ke7 38. a4 Ne6 39. f5 Nc7+ 40.
Ke5 f6+ 41. Kf4 g5+ 42. Kg4 Ba5 43. Be4 b6 44. h4 gxh4 45. Kxh4 Bd2 46. Kg4 Ne8
47. Kf3 Nd6 48. Bd3 Nf7 49. Ke2 Bg5 50. Be4 Ne5 51. Bd5 Kd6 52. Bc3 g6 53. g4
gxf5 54. gxf5 Bf4 55. a5 bxa5 56. Bxa5 Bg5 57. Be1 Bf4 58. Bh4 Bg5 59. Bg3 Kc7
60. Kd1 Be3 61. Kc2 Kb6 62. Be1 Bd4 63. Bh4 Ng4 64. Kd3 Bf2 65. Bxf2 Nxf2+ 66.
Ke3 Ng4+ 67. Ke4 Kc7 68. Bf7 Kd6 69. Be6 Ne5 70. Bd5 Nd7 71. Be6 Ne5 1/2-1/2

[Event "oibm_2008 Bad Wiesee"]
[Site "?"]
[Date "2008.11.06"]
[Round "?"]
[White "Eingorn, V."]
[Black "Khmelniker, I."]
[Result "1/2-1/2"]
[WhiteElo "2557"]
[BlackElo "2443"]
[PlyCount "46"]
[EventDate "2008.??.??"]

1. c4 Nf6 2. g3 c6 3. b3 d5 4. Bb2 Bg4 5. Bg2 e6 6. h3 Bh5 7. Nf3 Nbd7 8. O-O
Bd6 9. d3 Bxf3 10. Bxf3 h5 11. Nd2 Ne5 12. Rc1 h4 13. g4 Bb8 14. Bxe5 Bxe5 15.
cxd5 exd5 16. Bg2 Bc7 17. Nf3 Nxg4 18. hxg4 h3 19. Qd2 hxg2 20. Kxg2 Qd7 21.
Qg5 Bd8 22. Qf4 Bc7 23. Qg5 Bd8 1/2-1/2

[Event "oibm_2008 Bad Wiesee"]
[Site "?"]
[Date "2008.11.06"]
[Round "?"]
[White "Henrichs, T."]
[Black "Lauber, A."]
[Result "1/2-1/2"]
[WhiteElo "2485"]
[BlackElo "2497"]
[PlyCount "27"]
[EventDate "2008.??.??"]

1. d4 Nf6 2. c4 e6 3. Nc3 Bb4 4. Qc2 c5 5. dxc5 Qc7 6. a3 Bxc5 7. Nf3 a6 8. Bg5
Be7 9. e3 d6 10. Be2 Nbd7 11. O-O O-O 12. Rfd1 b6 13. Rd4 Bb7 14. Bh4 1/2-1/2

[Event "oibm_2008 Bad Wiesee"]
[Site "?"]
[Date "2008.11.06"]
[Round "?"]
[White "Naumann, A."]
[Black "Schneider, I."]
[Result "1-0"]
[WhiteElo "2518"]
[BlackElo "2486"]
[PlyCount "29"]
[EventDate "2008.??.??"]

1. c4 Nf6 2. Nc3 c5 3. Nf3 Nc6 4. d4 cxd4 5. Nxd4 e6 6. a3 Nxd4 7. Qxd4 b6 8.
Qf4 Bb7 9. e4 d6 10. Be2 Be7 11. Qg3 Nxe4 12. Nxe4 Bxe4 13. Qxg7 Bf6 14. Qg3
Qc7 15. Qf4 1-0

[Event "oibm_2008 Bad Wiesee"]
[Site "?"]
[Date "2008.11.06"]
[Round "?"]
[White "Teske, H."]
[Black "Meister, P."]
[Result "1-0"]
[WhiteElo "2513"]
[BlackElo "2388"]
[PlyCount "57"]
[EventDate "2008.??.??"]

1. d4 e6 2. e4 d5 3. Nd2 Nf6 4. e5 Nfd7 5. Bd3 c5 6. c3 Nc6 7. Ne2 a5 8. O-O a4
9. f4 a3 10. bxa3 c4 11. Bc2 g6 12. g4 Bxa3 13. Nf3 Nb6 14. f5 exf5 15. gxf5
Bxf5 16. Bxf5 gxf5 17. Ng3 Ne7 18. Nh5 Kd7 19. Nh4 Bxc1 20. Qxc1 Kc8 21. Kh1
Nd7 22. Nxf5 Nxf5 23. Rxf5 Rg8 24. Rxf7 Qh4 25. Qf4 Qxh5 26. e6 Ne5 27. dxe5
Qe2 28. Rf8+ Kc7 29. Rxg8 1-0